02024cam a2200229 a 4500003000900000005001700009008004100026040002800067041000800095100003000103245019600133260004900329300002400378502008700402520112800489530002201617653001901639653001901658653004401677700004001721856003301761EG-GiCUC20250223032044.0180918s2018 ua f m 000 0 eng d aEG-GiCUCbengcEG-GiCUC0 aeng0 aNesreen Salah Eldin Sayed14aThe factors affecting the extent of external auditor reliance on the internal audit function and its impact on audit efficiency / cNesreen Salah Eldin Sayed ; Supervised Sadek Hamed Moustafa aCairo : bNesreen Salah Eldin Sayed , c2018 a106 Leaves ; c30cm aThesis (M.Sc.) - Cairo University - Faculty of Commerce - Department of Accounting aPublic company accounting oversight board (PCAOB) auditing standard no. 5 allows the external auditor to rely on the internal audit function when the internal audit activities meet certain criteria and the external auditors would find efficiencies in relying on their work. This paper examined the factors affecting the external auditors{u2019} reliance on the internal audit function and its impact on audit efficiency. Also, it identifies whether it is better for the external auditors to rely on the internal auditors{u2019} work already performed or to use the internal auditors as assistants. The results of the statistics showed that many factors are affecting the external auditor reliance on the internal audit function, but the competence and due professional care factor has the highest impact on the degree of the external auditor reliance on the internal audit function. We conclude that the percentage of the auditors who are convinced with the use of internal auditors work already performed is very large (77%).while the percentage of external auditors using the internal auditors as direct assistants is 23% aIssued also as CD 4aExternal audit 4aInternal audit 4aReliance on the internal audit function0 aSadek Hamed Moustafa , eSupervisor uhttp://172.23.153.220/th.pdf